00395nam a2200157Ia 4500008004000000020001500040041000800055082001300063100002900076245002700105260006000132300001300192650001100205650001200216650000900228210210b2005 xxu||||| |||| 00| 0 eng d a8126904488 aeng a956 CHAH aCHAURASIA (Radhey Shyam) aHistory of middle east aNew DelhibAtlantic Publishers and Distributors.,c2005 aviii,455 amiddle aHistory aeast